Cropped Buildings - Statistics

General Stats
  • This quiz has been taken 7 times
  • The average score is 6 of 16
Answer Stats
Picture Answer % Correct
Taj Mahal
86%
Solomon R. Guggenheim Museum
71%
St Basil's Cathedral
71%
Windsor Castle
71%
Machu Picchu
57%
Pantheon
57%
Sagrada Família
57%
Sydney Opera House
57%
Angkor Wat
43%
Dome of the Rock
14%
Habitat 67
14%
Amazon Theatre
0%
El Castillo
0%
Great Mosque of Djenné
0%
Karnak
0%
Taipei 101
0%
No matching quizzes found
Score Distribution
Percent of People with Each Score
Percentile by Number Answered
Your Score History
You have not taken this quiz